Aadhunik bharatheeya rang paridrishya/ (Record no. 141113)

000 -LEADER
fixed length control field 00441nam a22001577a 4500
020 ## - INTERNATIONAL STANDARD BOOK NUMBER
International Standard Book Number 9788179652565
082 ## - DEWEY DECIMAL CLASSIFICATION NUMBER
Classification number H200 7
Item number JAY/A
100 ## - MAIN ENTRY--PERSONAL NAME
Personal name Jaydev Taneja
9 (RLIN) 119294
245 ## - TITLE STATEMENT
Title Aadhunik bharatheeya rang paridrishya/
Statement of responsibility, etc. by Jaydev Taneja
260 ## - PUBLICATION, DISTRIBUTION, ETC.
Place of publication, distribution, etc. Newdelhi:
Name of publisher, distributor, etc. Takshila Prakashan,
Date of publication, distribution, etc. 2015.
300 ## - PHYSICAL DESCRIPTION
Extent 224p.
650 ## - SUBJECT ADDED ENTRY--TOPICAL TERM
Topical term or geographic name entry element Drama Hindi Study
9 (RLIN) 119295
650 ## - SUBJECT ADDED ENTRY--TOPICAL TERM
Topical term or geographic name entry element Literature Hindi
9 (RLIN) 119296
650 ## - SUBJECT ADDED ENTRY--TOPICAL TERM
Topical term or geographic name entry element Literature
9 (RLIN) 119297
942 ## - ADDED ENTRY ELEMENTS (KOHA)
Koha item type Book
Holdings
Withdrawn status Lost status Damaged status Not for loan Permanent Location Current Location Shelving location Date acquired Cost, normal purchase price Total Checkouts Full call number Barcode Date last seen Price effective from Koha item type
        Sree Sankaracharya University of Sanskrit Sree Sankaracharya University of Sanskrit Stacks 27.02.2019 600.00   H200 7 JAY/A 093408 27.02.2019 27.02.2019 Book